Xarxa de Museus Locals de la Diputació de Barcelona : Coincidències Insòlites : Sabadell : Gavà : Barcelona : Vilafranca del Penedès Coincidències Insòlites :
Publicado:
Barcelona :
Diputació de Barcelona. Àrea de Coneixement i Noves Tecnologies. Gerència de Serveis de Cultura ,
2013
Descripción Física:
1 díptic : il. ; 15 x 21 cm
MARC
| LEADER | 00000nam a2200000Ia 4500 | ||
|---|---|---|---|
| 001 | 24048 | ||
| 008 | 160829s2013 xx 000 0 cat d | ||
| 080 | |a FU-64-18 | ||
| 245 | |a Xarxa de Museus Locals de la Diputació de Barcelona : |b Coincidències Insòlites : |b Sabadell : |b Gavà : |b Barcelona : |b Vilafranca del Penedès | ||
| 260 | |a Barcelona : |b Diputació de Barcelona. Àrea de Coneixement i Noves Tecnologies. Gerència de Serveis de Cultura, |c 2013 | ||
| 300 | |a 1 díptic : |b il. ; |c 15 x 21 cm | ||
| 610 | 0 | |9 56384 |a Barcelona (Catalunya : Província). Xarxa de Museus Locals |x Exposicions | |
| 700 | |a Museus Municipals de Sabadell |9 50541 | ||
| 700 | |a Museu de Gavà |9 34708 | ||
| 710 | 1 | |a Gavà (Catalunya). |b Ajuntament |9 54398 | |
| 710 | |a Vilafranca del Penedès (Catalunya). |b Ajuntament |9 54941 | ||
| 710 | 2 | |a VINSEUM Museu de les Cultures del Vi de Catalunya |9 51950 | |
| 901 | |a Arxiu | ||
| 942 | |n 1 |2 udc | ||
| 952 | |0 0 |1 0 |4 0 |6 FU6418 |7 1 |9 56111 |a Arxiu |b Arxiu |d 2016-12-01 |l 0 |o FU-64-18 |p 24048 |r 2016-12-01 00:00:00 |w 2016-12-01 |y ARXIU | ||
| 999 | |c 59987 |d 59987 | ||